000 00643nam a22002057a 4500
999 _c10591
_d10591
003 AR-CdUCM
008 190401b ||||| |||| 00| 0 spa d
040 _aMUNICIPALIDAD PROVINCIAL DEL CUSCO
_cBIBLIOTECA MUNICIPAL DEL CUSCO
082 _aES / 800 /
_bD73
100 _aDickens, Charles
_9500
245 _aHistoria en Dos Ciudades /
260 _aBuenos Aires :
_bAcme Agency S. A. C. I. ;
_c1955.
300 _a282 páginas ;
_bIlustraciones
_c20cm
440 _aColección Robin Hood
_927354
505 _aContenido: Novela
650 _aNovela
_9572
650 _aLiteratura juvenil
_91580
942 _2ddc
_cLIBROS
945 _anom